00733 2200265 4500001002100000005001700021008004100038020001800079035002400097082001100121090001800132100001700150245011400167250001100281260003700292300001900329650002000348700001400368700002300382850001500405980001100420985000600431999001500437999001500452YOGYA-0209000000554020090227020822.0 ind  a979-561-196-8 0010-020900000005540 a297.63 a297.63bQut M aQUTB, Sayyid aManhaj Hubungan sosial muslim non muslimcSayyid Qutb ; penerjemah, Abu Fahmi ; penyunting, Fauzan Al Anshori aCet. 1 aJakartabGema Insani Pressc1993 a212 hlmc21 cm aSosiologi Islam aAbu fahmi aAl.Anshori, FAuzan aYOPDYOG(B) a210605 a2 a97P0097496 a96P0080307